Исследование RQ-системы ММРР/М/1 с ненадежным прибором; Информационные технологии и математическое моделирование (ИТММ-2021)
| Parent link: | Информационные технологии и математическое моделирование (ИТММ-2021).— 2022.— [С. 173-178] |
|---|---|
| Autor Principal: | |
| Autor Corporativo: | |
| Outros autores: | , |
| Summary: | Заглавие с экрана В работе проводится исследование однолинейной RQ-системы с входящим ММРР потоком заявок и экспоненциальным законом их обслуживания с ненадежным прибором. Для исследования этой системы используется метод асимптотического анализа |
| Idioma: | ruso |
| Publicado: |
2022
|
| Subjects: | |
| Acceso en liña: | http://itmmconf.tsu.ru/sites/default/files/ITMM2021.pdf#page=173 https://elibrary.ru/item.asp?id=49546420 |
| Formato: | MixedMaterials Electrónico Capítulo de libro |
| KOHA link: | https://koha.lib.tpu.ru/cgi-bin/koha/opac-detail.pl?biblionumber=379358 |
MARC
| LEADER | 00000naa0a2200000 4500 | ||
|---|---|---|---|
| 001 | 379358 | ||
| 005 | 20250619120300.0 | ||
| 035 | |a (RuTPU)RU\TPU\retro\36825 | ||
| 035 | |a RU\TPU\network\40825 | ||
| 090 | |a 379358 | ||
| 100 | |a 20230914d2022 k y0rusy50 ca | ||
| 101 | 0 | |a rus | |
| 102 | |a RU | ||
| 135 | |a drnn ---uucaa | ||
| 181 | 0 | |a i | |
| 182 | 0 | |a b | |
| 200 | 1 | |a Исследование RQ-системы ММРР/М/1 с ненадежным прибором |f Н. М. Воронина, С. В. Рожкова, С. П. Моисеева | |
| 203 | |a Текст |c электронный | ||
| 300 | |a Заглавие с экрана | ||
| 320 | |a [Библиогр.: 4 назв.] | ||
| 330 | |a В работе проводится исследование однолинейной RQ-системы с входящим ММРР потоком заявок и экспоненциальным законом их обслуживания с ненадежным прибором. Для исследования этой системы используется метод асимптотического анализа | ||
| 463 | 1 | |t Информационные технологии и математическое моделирование (ИТММ-2021) |o материалы XX Международной научно-практической конференции имени А.Ф. Терпугова, Томск, 1-5 Декабря 2021 |v [С. 173-178] |d 2022 | |
| 610 | 1 | |a труды учёных ТПУ | |
| 610 | 1 | |a электронный ресурс | |
| 610 | 1 | |a RQ-системы | |
| 610 | 1 | |a ненадежные приборы | |
| 700 | 1 | |a Воронина |b Н. М. |c специалист в области информатики и вычислительной техники |c старший преподаватель Томского политехнического университета |f 1980- |g Наталия Михайловна |3 (RuTPU)RU\TPU\pers\34263 |9 17794 | |
| 701 | 1 | |a Рожкова |b С. В. |c математик |c профессор Томского политехнического университета, доктор физико-математических наук |f 1971- |g Светлана Владимировна |3 (RuTPU)RU\TPU\pers\25740 |9 11642 | |
| 701 | 1 | |a Моисеева |b С. П. |g Светлана Петровна | |
| 712 | 0 | 2 | |a Национальный исследовательский Томский политехнический университет |b Школа базовой инженерной подготовки |b Отделение математики и информатики |3 (RuTPU)RU\TPU\col\23555 |
| 801 | 2 | |a RU |b 63413507 |c 20230914 |g RCR | |
| 850 | |a 63413507 | ||
| 856 | 4 | 0 | |u http://itmmconf.tsu.ru/sites/default/files/ITMM2021.pdf#page=173 |
| 856 | 4 | 0 | |u https://elibrary.ru/item.asp?id=49546420 |
| 942 | |c CF | ||